[Event "European Individual Chess Championship 2017"]
[Site "?"]
[Date "2017.06.08"]
[Round "9.89"]
[White "Korchmar, Vasiliy"]
[Black "Mista, Aleksander"]
[Result "0-1"]
[BlackElo "2606"]
[WhiteElo "2422"]
[LiveChessVersion "1.4.8"]

1. d4 {[%clk 1:30:57]} Nf6 {[%clk 1:30:57]} 2. c4 {[%clk 1:31:17]} g6
{[%clk 1:31:24]} 3. Nc3 {[%clk 1:31:32]} d5 {[%clk 1:31:50]} 4. Bg5
{[%clk 1:31:49]} Ne4 {[%clk 1:32:10]} 5. Bh4 {[%clk 1:32:10]} Nxc3
{[%clk 1:32:34]} 6. bxc3 {[%clk 1:32:34]} dxc4 {[%clk 1:32:57]} 7. e3
{[%clk 1:32:51]} Be6 {[%clk 1:32:05]} 8. Be2 {[%clk 1:33:21]} Nd7
{[%clk 1:31:43]} 9. Nf3 {[%clk 1:32:25]} Bg7 {[%clk 1:30:35]} 10. O-O
{[%clk 1:24:14]} O-O {[%clk 1:28:59]} 11. Ng5 Bd5 12. e4 {[%clk 1:24:37]} h6
{[%clk 1:29:22]} 13. exd5 {[%clk 1:24:45]} hxg5 {[%clk 1:29:49]} 14. Bxg5
{[%clk 1:25:09]} Nb6 {[%clk 1:30:11]} 15. Qd2 {[%clk 1:00:58]} Re8
{[%clk 1:24:36]} 16. Rab1 {[%clk 0:46:02]} Qxd5 {[%clk 1:17:55]} 17. Bf3
{[%clk 0:46:24]} Qd6 {[%clk 1:18:14]} 18. Bxb7 {[%clk 0:46:41]} Rab8
{[%clk 1:07:23]} 19. Bf3 {[%clk 0:46:52]} e5 {[%clk 1:07:47]} 20. dxe5
{[%clk 0:46:10]} Bxe5 {[%clk 1:07:11]} 21. g3 {[%clk 0:45:51]} Na4
{[%clk 1:03:30]} 22. Rxb8 {[%clk 0:31:32]} Rxb8 {[%clk 1:03:32]} 23. Qe3
{[%clk 0:30:58]} Nxc3 {[%clk 1:01:57]} 24. Bf4 {[%clk 0:24:34]} Bxf4
{[%clk 0:57:32]} 25. Qxc3 {[%clk 0:25:00]} Be5 {[%clk 0:56:21]} 26. Qxc4
{[%clk 0:25:24]} Rb4 {[%clk 0:56:35]} 27. Qd5 {[%clk 0:21:41]} Qxd5
{[%clk 0:46:40]} 28. Bxd5 {[%clk 0:22:07]} Rb2 {[%clk 0:47:04]} 29. Rc1
{[%clk 0:19:20]} Bd4 {[%clk 0:43:57]} 30. Rxc7 {[%clk 0:19:41]} Rxf2
{[%clk 0:44:20]} 31. Kh1 {[%clk 0:19:59]} g5 {[%clk 0:44:27]} 32. h3
{[%clk 0:13:49]} Kf8 {[%clk 0:41:17]} 33. Bb3 {[%clk 0:13:52]} f5
{[%clk 0:40:51]} 34. Rc2 {[%clk 0:13:12]} Rf1+ {[%clk 0:41:09]} 35. Kg2
{[%clk 0:13:32]} Rg1+ {[%clk 0:41:35]} 36. Kh2 {[%clk 0:12:15]} Re1
{[%clk 0:40:30]} 37. Kg2 {[%clk 0:03:48]} Ke7 {[%clk 0:39:52]} 38. Rd2
{[%clk 0:03:16]} Bb6 {[%clk 0:38:59]} 39. Bc4 {[%clk 0:02:10]} Rg1+
{[%clk 0:38:54]} 40. Kh2 {[%clk 0:31:07]} Rc1 {[%clk 1:06:56]} 41. Bb3
{[%clk 0:29:55]} Re1 {[%clk 1:04:47]} 42. Bc4 {[%clk 0:25:46]} Rc1
{[%clk 1:05:13]} 43. Bb3 {[%clk 0:26:06]} Rc3 {[%clk 1:00:47]} 44. Re2+
{[%clk 0:22:37]} Be3 {[%clk 0:56:05]} 45. Kg2 {[%clk 0:21:25]} Kd6
{[%clk 0:53:38]} 46. Bc2 {[%clk 0:18:28]} Ke5 {[%clk 0:52:03]} 47. Kf3
{[%clk 0:18:16]} f4 {[%clk 0:52:28]} 48. Bb3 {[%clk 0:13:34]} Rc1
{[%clk 0:49:05]} 49. gxf4+ {[%clk 0:08:00]} gxf4 {[%clk 0:49:31]} 50. Rg2
{[%clk 0:07:46]} Kd4 {[%clk 0:49:33]} 51. Rg8 {[%clk 0:06:12]} Rf1+
{[%clk 0:49:49]} 52. Kg4 {[%clk 0:06:06]} Rg1+ {[%clk 0:49:19]} 53. Kf3
{[%clk 0:06:21]} Rf1+ {[%clk 0:48:50]} 54. Kg4 {[%clk 0:06:48]} Bd2
{[%clk 0:38:33]} 55. h4 {[%clk 0:04:57]} f3 {[%clk 0:37:18]} 56. Rd8+
{[%clk 0:04:35]} Ke3 {[%clk 0:36:41]} 57. Bc4 {[%clk 0:02:20]} Rg1+
{[%clk 0:37:06]} 58. Kf5 {[%clk 0:02:36]} Bc1 {[%clk 0:21:17]} 59. Rd3+
{[%clk 0:01:51]} Kf2 {[%clk 0:21:42]} 60. h5 {[%clk 0:00:37]} Rg5+
{[%clk 0:21:36]} 61. Ke4 {[%clk 0:00:54]} Rg4+ {[%clk 0:21:59]} 62. Kd5
{[%clk 0:01:03]} Rh4 {[%clk 0:21:47]} 63. Rd1 {[%clk 0:00:33]} Rxh5+
{[%clk 0:22:05]} 64. Ke4 {[%clk 0:00:47]} Rh4+ {[%clk 0:22:23]} 65. Kd3
{[%clk 0:01:12]} Be3 {[%clk 0:21:28]} 66. Rb1 {[%clk 0:01:20]} Rd4+
{[%clk 0:20:23]} 67. Kc3 {[%clk 0:01:49]} Rxc4+ {[%clk 0:19:58]} 68. Kxc4
{[%clk 0:02:17]} Ke2 {[%clk 0:20:24]} 69. Kc3 {[%clk 0:01:29]} Bd2+
{[%clk 0:20:40]} 70. Kc2 {[%clk 0:01:50]} f2 {[%clk 0:20:56]} 71. Rh1
{[%clk 0:00:33]} Bf4 {[%clk 0:21:11]} 0-1

[Event "European Individual Chess Championship 2017"]
[Site "?"]
[Date "2017.06.08"]
[Round "9.90"]
[White "Kulaots, Kaido"]
[Black "Mindlin, Alon"]
[Result "1-0"]
[BlackElo "2436"]
[WhiteElo "2597"]
[LiveChessVersion "1.4.8"]

1. d4 {[%clk 1:30:48]} Nf6 {[%clk 1:30:50]} 2. c4 {[%clk 1:31:14]} e6
{[%clk 1:31:14]} 3. Nc3 {[%clk 1:31:29]} d5 {[%clk 1:31:37]} 4. cxd5
{[%clk 1:31:45]} exd5 {[%clk 1:31:57]} 5. Bg5 {[%clk 1:32:09]} Be7
{[%clk 1:32:09]} 6. e3 {[%clk 1:32:33]} Nbd7 {[%clk 1:32:20]} 7. Bd3
{[%clk 1:31:57]} c6 {[%clk 1:32:31]} 8. Nge2 {[%clk 1:32:21]} O-O
{[%clk 1:32:42]} 9. Qc2 {[%clk 1:31:08]} Re8 {[%clk 1:30:41]} 10. O-O
{[%clk 1:29:52]} Nf8 {[%clk 1:28:42]} 11. f3 {[%clk 1:28:18]} g6 {[%clk 1:17:23]}
12. Rad1 {[%clk 1:23:41]} Ne6 {[%clk 1:17:22]} 13. Bh4 {[%clk 1:23:38]} Ng7
{[%clk 1:16:38]} 14. e4 {[%clk 1:17:02]} Be6 {[%clk 1:13:00]} 15. h3
{[%clk 1:15:56]} Rc8 {[%clk 1:04:02]} 16. Qc1 {[%clk 1:13:15]} Kh8
{[%clk 0:52:37]} 17. a3 {[%clk 1:05:44]} a5 {[%clk 0:48:23]} 18. Bf2
{[%clk 0:48:32]} b5 {[%clk 0:43:12]} 19. Nf4 {[%clk 0:42:04]} Qb6
{[%clk 0:27:29]} 20. e5 {[%clk 0:32:42]} Nd7 {[%clk 0:26:20]} 21. Nxe6
{[%clk 0:32:07]} fxe6 {[%clk 0:25:04]} 22. g4 {[%clk 0:27:58]} b4
{[%clk 0:17:55]} 23. Na4 {[%clk 0:26:33]} Qb8 {[%clk 0:14:04]} 24. h4
{[%clk 0:15:05]} bxa3 {[%clk 0:10:05]} 25. h5 {[%clk 0:14:00]} gxh5
{[%clk 0:09:48]} 26. Kg2 {[%clk 0:12:30]} axb2 {[%clk 0:08:02]} 27. Qh6
{[%clk 0:12:25]} Nf8 {[%clk 0:08:19]} 28. f4 {[%clk 0:10:18]} Rc7
{[%clk 0:03:58]} 29. f5 {[%clk 0:09:44]} exf5 {[%clk 0:01:53]} 30. gxf5
{[%clk 0:10:00]} Qb4 {[%clk 0:01:08]} 31. f6 {[%clk 0:08:47]} Nge6
{[%clk 0:01:32]} 32. fxe7 {[%clk 0:04:38]} Rcxe7 33. Bh4 {[%clk 0:03:55]} Rg7+
{[%clk 0:02:23]} 34. Kh2 {[%clk 0:03:28]} Kg8 {[%clk 0:01:04]} 35. Bf6
{[%clk 0:03:07]} Rg4 {[%clk 0:00:43]} 36. Qxh5 {[%clk 0:03:14]} Rg6
{[%clk 0:01:06]} 37. Rg1 {[%clk 0:01:44]} Qxa4 {[%clk 0:01:17]} 38. Bxg6
{[%clk 0:01:54]} Nxg6 {[%clk 0:01:37]} 39. Rxg6+ {[%clk 0:02:06]} hxg6
{[%clk 0:02:04]} 40. Qxg6+ {[%clk 0:32:21]} Kf8 {[%clk 0:32:32]} 41. Rg1
{[%clk 0:31:59]} 1-0

[Event "European Individual Chess Championship 2017"]
[Site "?"]
[Date "2017.06.08"]
[Round "9.91"]
[White "Balashov, Yuri S"]
[Black "Buhmann, Rainer"]
[Result "1/2-1/2"]
[BlackElo "2596"]
[WhiteElo "2408"]
[LiveChessVersion "1.4.8"]

1. d4 {[%clk 1:30:54]} Nf6 {[%clk 1:30:53]} 2. c4 {[%clk 1:31:16]} e6
{[%clk 1:31:19]} 3. Nc3 {[%clk 1:31:34]} Bb4 {[%clk 1:31:39]} 4. e3
{[%clk 1:31:51]} b6 {[%clk 1:31:53]} 5. Bd3 {[%clk 1:31:50]} Bb7 {[%clk 1:32:04]}
6. Nf3 {[%clk 1:32:04]} Ne4 {[%clk 1:31:48]} 7. O-O {[%clk 1:31:50]} Bxc3
{[%clk 1:31:58]} 8. bxc3 {[%clk 1:32:09]} f5 {[%clk 1:31:59]} 9. Qc2
{[%clk 1:27:43]} O-O {[%clk 1:32:05]} 10. Ne1 {[%clk 1:27:30]} d6
{[%clk 1:31:10]} 11. f3 {[%clk 1:27:47]} Nf6 {[%clk 1:30:50]} 12. e4
{[%clk 1:27:17]} fxe4 {[%clk 1:30:02]} 13. fxe4 {[%clk 1:27:39]} Nbd7
{[%clk 1:29:47]} 14. Nf3 {[%clk 1:27:30]} Qe7 {[%clk 1:29:08]} 15. Bd2
{[%clk 1:23:40]} e5 {[%clk 1:25:33]} 16. Rae1 {[%clk 1:02:29]} Rae8
{[%clk 1:16:44]} 17. c5 {[%clk 1:02:33]} dxc5 {[%clk 1:02:09]} 18. dxe5
{[%clk 1:00:05]} Nxe5 {[%clk 1:00:12]} 19. Nxe5 {[%clk 1:00:26]} Qxe5
{[%clk 1:00:35]} 20. Bf4 {[%clk 1:00:20]} Qe6 {[%clk 0:39:24]} 21. e5
{[%clk 1:00:37]} Nh5 {[%clk 0:39:38]} 22. Bxh7+ {[%clk 1:00:10]} Kh8
{[%clk 0:40:03]} 23. Bd2 {[%clk 0:56:03]} Rxf1+ {[%clk 0:17:27]} 24. Rxf1
{[%clk 0:50:31]} Bxg2 {[%clk 0:11:04]} 25. Kxg2 {[%clk 0:41:31]} Qg4+
{[%clk 0:11:26]} 26. Kh1 {[%clk 0:41:34]} Ng3+ {[%clk 0:10:05]} 1/2-1/2

[Event "European Individual Chess Championship 2017"]
[Site "?"]
[Date "2017.06.08"]
[Round "9.92"]
[White "Ponkratov, Pavel"]
[Black "Druska, Juraj"]
[Result "1-0"]
[BlackElo "2430"]
[WhiteElo "2590"]
[LiveChessVersion "1.4.8"]

1. d4 {[%clk 1:30:57]} Nf6 {[%clk 1:23:49]} 2. Bg5 {[%clk 1:31:16]} d5
{[%clk 1:22:33]} 3. Nc3 {[%clk 1:31:20]} Bf5 {[%clk 1:16:55]} 4. f3
{[%clk 1:30:48]} h6 {[%clk 1:09:57]} 5. Bh4 {[%clk 1:28:19]} e6 {[%clk 0:54:54]}
6. e4 {[%clk 1:28:09]} Bh7 {[%clk 0:55:13]} 7. Bd3 {[%clk 1:23:54]} Be7
{[%clk 0:46:33]} 8. Nge2 {[%clk 1:19:53]} Nxe4 {[%clk 0:44:39]} 9. Bxe7
{[%clk 1:18:01]} Nxc3 {[%clk 0:45:00]} 10. bxc3 {[%clk 1:17:37]} Qxe7
{[%clk 0:44:48]} 11. Bxh7 {[%clk 1:18:03]} Rxh7 {[%clk 0:45:07]} 12. Qd3
{[%clk 1:18:30]} Rh8 {[%clk 0:43:43]} 13. Rb1 {[%clk 1:18:56]} c6
{[%clk 0:42:04]} 14. c4 {[%clk 1:18:03]} Na6 {[%clk 0:40:48]} 15. O-O
{[%clk 1:17:40]} g6 {[%clk 0:29:43]} 16. Rb3 {[%clk 1:16:45]} Kf8
{[%clk 0:29:03]} 17. Re1 {[%clk 0:58:17]} Kg7 {[%clk 0:28:41]} 18. Nf4
{[%clk 0:58:22]} Rhd8 {[%clk 0:15:45]} 19. Rxe6 {[%clk 0:52:01]} fxe6
{[%clk 0:16:09]} 20. Qxg6+ {[%clk 0:52:28]} Kh8 {[%clk 0:16:32]} 21. Nxe6
{[%clk 0:52:53]} Rd6 {[%clk 0:13:09]} 22. Qxh6+ {[%clk 0:52:56]} Kg8
{[%clk 0:13:23]} 23. f4 {[%clk 0:51:55]} 1-0

[Event "European Individual Chess Championship 2017"]
[Site "?"]
[Date "2017.06.08"]
[Round "9.93"]
[White "Sadovsky, Artem"]
[Black "Beliavsky, Alexander G"]
[Result "1-0"]
[BlackElo "2589"]
[WhiteElo "2407"]
[LiveChessVersion "1.4.8"]

1. c4 {[%clk 1:30:45]} e5 {[%clk 1:29:01]} 2. g3 {[%clk 1:30:53]} Nf6
{[%clk 1:28:46]} 3. Bg2 {[%clk 1:31:02]} d5 {[%clk 1:28:03]} 4. cxd5
{[%clk 1:30:26]} Nxd5 {[%clk 1:28:27]} 5. Nc3 {[%clk 1:28:28]} Nb6
{[%clk 1:28:48]} 6. Nf3 {[%clk 1:28:27]} Nc6 {[%clk 1:29:12]} 7. d3
{[%clk 1:25:57]} Be7 {[%clk 1:29:24]} 8. O-O {[%clk 1:24:08]} O-O
{[%clk 1:29:47]} 9. Be3 {[%clk 1:20:12]} Be6 {[%clk 1:28:54]} 10. Ne4
{[%clk 1:06:10]} Bd5 {[%clk 1:20:19]} 11. Nc3 {[%clk 0:59:52]} Be6
{[%clk 1:20:23]} 12. Rc1 {[%clk 0:56:33]} Qd7 {[%clk 1:17:30]} 13. Ne4
{[%clk 0:54:44]} f6 {[%clk 1:06:20]} 14. Nc5 {[%clk 0:46:00]} Bxc5
{[%clk 1:06:36]} 15. Bxc5 {[%clk 0:46:15]} Rfd8 {[%clk 1:02:08]} 16. Qc2
{[%clk 0:41:28]} Bh3 {[%clk 0:57:52]} 17. Rfd1 {[%clk 0:40:38]} Bxg2
{[%clk 0:58:12]} 18. Kxg2 {[%clk 0:41:02]} Qe6 {[%clk 0:56:28]} 19. b4
{[%clk 0:39:23]} Rd7 {[%clk 0:53:03]} 20. b5 {[%clk 0:34:20]} Nd4
{[%clk 0:46:53]} 21. Bxd4 {[%clk 0:27:21]} exd4 {[%clk 0:47:16]} 22. Rd2
{[%clk 0:25:03]} a6 {[%clk 0:45:48]} 23. a4 {[%clk 0:21:43]} Qd5 {[%clk 0:40:53]}
24. a5 {[%clk 0:16:17]} Nc8 {[%clk 0:40:45]} 25. Qc5 {[%clk 0:15:56]} Qxc5
{[%clk 0:32:01]} 26. Rxc5 {[%clk 0:16:18]} axb5 {[%clk 0:32:19]} 27. Rxb5
{[%clk 0:16:06]} c6 {[%clk 0:32:29]} 28. Rc5 {[%clk 0:15:53]} Na7
{[%clk 0:32:32]} 29. Ra2 {[%clk 0:14:18]} Re8 {[%clk 0:27:15]} 30. Kf1
{[%clk 0:14:20]} Kf7 {[%clk 0:24:13]} 31. Ra4 {[%clk 0:13:41]} Red8
{[%clk 0:18:47]} 32. Rb4 {[%clk 0:10:30]} Nb5 {[%clk 0:18:37]} 33. a6
{[%clk 0:09:35]} bxa6 {[%clk 0:18:58]} 34. Rxc6 {[%clk 0:08:44]} Rd6
{[%clk 0:19:21]} 35. Rc2 {[%clk 0:06:51]} Re6 {[%clk 0:17:59]} 36. Ra4
{[%clk 0:06:54]} g5 {[%clk 0:16:38]} 37. Ra5 {[%clk 0:04:48]} Rdd6
{[%clk 0:13:27]} 38. Nd2 {[%clk 0:03:32]} Rc6 {[%clk 0:12:55]} 39. Nc4
{[%clk 0:03:26]} Ke7 {[%clk 0:12:23]} 40. Rb2 {[%clk 0:33:04]} Kd7
{[%clk 0:39:39]} 41. Ra1 {[%clk 0:32:51]} Kc7 {[%clk 0:38:16]} 42. Na5
{[%clk 0:29:14]} Rc5 {[%clk 0:35:14]} 43. Nb3 {[%clk 0:28:40]} Rcc6
{[%clk 0:28:14]} 44. Ra4 {[%clk 0:27:22]} Red6 {[%clk 0:28:37]} 45. Kg2
{[%clk 0:27:31]} g4 {[%clk 0:25:46]} 46. Ra1 {[%clk 0:24:46]} h5 {[%clk 0:25:45]}
47. Na5 {[%clk 0:23:54]} Rc5 {[%clk 0:25:34]} 48. Nc4 {[%clk 0:23:27]} Re6
{[%clk 0:25:56]} 49. Ra5 {[%clk 0:20:37]} Kb7 {[%clk 0:21:24]} 50. h4
{[%clk 0:19:29]} Ka7 {[%clk 0:19:06]} 51. Kf1 {[%clk 0:18:06]} Rd5
{[%clk 0:18:10]} 52. Rba2 {[%clk 0:16:30]} Rc6 {[%clk 0:17:07]} 53. f3
{[%clk 0:11:39]} f5 {[%clk 0:14:57]} 54. Kf2 {[%clk 0:10:34]} Rdc5
{[%clk 0:15:06]} 55. Ra1 {[%clk 0:10:15]} Kb7 {[%clk 0:13:52]} 56. f4
{[%clk 0:09:28]} Re6 {[%clk 0:11:50]} 57. R1a2 {[%clk 0:07:16]} Rec6
{[%clk 0:11:07]} 58. Rb2 {[%clk 0:06:40]} Ka7 {[%clk 0:11:10]} 59. Rb4
{[%clk 0:06:55]} Rd5 {[%clk 0:10:27]} 60. Ne5 {[%clk 0:05:07]} Rcc5
{[%clk 0:06:25]} 61. Rba4 {[%clk 0:04:47]} Rd6 {[%clk 0:06:47]} 62. Nc4
{[%clk 0:04:20]} Re6 {[%clk 0:05:19]} 63. Na3 {[%clk 0:03:48]} Rb6
{[%clk 0:02:22]} 64. Nxb5+ {[%clk 0:03:03]} Rcxb5 {[%clk 0:02:22]} 65. Rxb5
{[%clk 0:03:29]} Rxb5 {[%clk 0:02:52]} 66. Rxd4 {[%clk 0:03:56]} a5
{[%clk 0:03:16]} 67. e4 {[%clk 0:03:54]} Rb2+ {[%clk 0:02:28]} 68. Ke3
{[%clk 0:03:34]} Rg2 {[%clk 0:02:54]} 69. exf5 {[%clk 0:03:19]} Rxg3+
{[%clk 0:03:23]} 70. Ke4 {[%clk 0:03:49]} Rg1 {[%clk 0:03:19]} 71. f6
{[%clk 0:04:08]} Rb1 {[%clk 0:02:41]} 72. f7 {[%clk 0:03:26]} Rb8
{[%clk 0:03:10]} 73. Kf5 {[%clk 0:03:25]} Ka6 {[%clk 0:03:24]} 74. Re4
{[%clk 0:03:17]} Rf8 {[%clk 0:03:38]} 75. Kf6 1-0

[Event "European Individual Chess Championship 2017"]
[Site "?"]
[Date "2017.06.08"]
[Round "9.94"]
[White "Abdulov, Orkhan"]
[Black "Postny, Evgeny"]
[Result "1-0"]
[BlackElo "2588"]
[WhiteElo "2388"]
[LiveChessVersion "1.4.8"]

1. Nf3 {[%clk 1:28:46]} d5 {[%clk 1:30:51]} 2. d4 {[%clk 1:28:44]} c6
{[%clk 1:30:52]} 3. c4 {[%clk 1:26:37]} Nf6 {[%clk 1:31:13]} 4. cxd5
{[%clk 1:26:59]} cxd5 {[%clk 1:31:36]} 5. Nc3 {[%clk 1:27:27]} Nc6
{[%clk 1:31:52]} 6. Bf4 {[%clk 1:27:43]} a6 {[%clk 1:32:14]} 7. e3
{[%clk 1:25:13]} Bg4 {[%clk 1:32:31]} 8. Be2 {[%clk 1:23:21]} e6 {[%clk 1:31:14]}
9. O-O {[%clk 1:23:01]} Be7 {[%clk 1:29:36]} 10. Ne5 {[%clk 1:19:18]} Bxe2
{[%clk 1:29:20]} 11. Qxe2 {[%clk 1:18:22]} O-O {[%clk 1:28:08]} 12. Nxc6
{[%clk 1:15:03]} bxc6 {[%clk 1:23:47]} 13. Na4 {[%clk 1:13:44]} Nd7
{[%clk 1:19:05]} 14. Rfc1 {[%clk 1:13:12]} Qa5 {[%clk 1:18:38]} 15. Qc2
{[%clk 1:02:25]} Rfc8 {[%clk 1:17:28]} 16. a3 {[%clk 1:02:20]} Qd8
{[%clk 1:11:15]} 17. b4 {[%clk 0:56:57]} a5 {[%clk 1:07:40]} 18. Nc5
{[%clk 0:56:54]} Qe8 {[%clk 1:05:16]} 19. Nb7 {[%clk 0:49:45]} axb4
{[%clk 0:58:00]} 20. axb4 {[%clk 0:46:39]} Rxa1 {[%clk 0:55:11]} 21. Rxa1
{[%clk 0:47:06]} Nb6 {[%clk 0:55:28]} 22. h3 {[%clk 0:34:36]} h6 {[%clk 0:47:24]}
23. Ra6 {[%clk 0:30:44]} Nc4 {[%clk 0:43:16]} 24. Qa4 {[%clk 0:31:05]} Qf8
{[%clk 0:26:23]} 25. Rxc6 {[%clk 0:23:13]} Ra8 {[%clk 0:20:34]} 26. Ra6
{[%clk 0:19:10]} Rxa6 {[%clk 0:20:53]} 27. Qxa6 {[%clk 0:19:38]} Bxb4
{[%clk 0:21:16]} 28. Qc6 {[%clk 0:19:02]} Qa8 {[%clk 0:19:17]} 29. Qd7
{[%clk 0:15:47]} Qa1+ {[%clk 0:17:02]} 30. Kh2 {[%clk 0:16:16]} Nd2
{[%clk 0:17:27]} 31. h4 {[%clk 0:11:29]} Ne4 {[%clk 0:05:19]} 32. f3
{[%clk 0:07:59]} Nf2 {[%clk 0:04:50]} 33. Qc8+ {[%clk 0:08:04]} Bf8
{[%clk 0:04:34]} 34. Bd6 {[%clk 0:08:07]} Qh1+ {[%clk 0:03:59]} 35. Kg3
{[%clk 0:08:36]} Qe1 {[%clk 0:04:25]} 36. Qxf8+ {[%clk 0:08:52]} Kh7
{[%clk 0:04:53]} 37. Qxf7 Nd1+ {[%clk 0:03:16]} 38. Kg4 {[%clk 0:04:15]} Nxe3+
{[%clk 0:02:46]} 39. Kh5 {[%clk 0:04:13]} Nf5 {[%clk 0:01:15]} 40. Qg6+
{[%clk 0:34:40]} Kh8 {[%clk 0:30:59]} 41. g3 {[%clk 0:29:42]} Qe2
{[%clk 0:26:22]} 42. Be5 {[%clk 0:26:49]} Qxf3+ {[%clk 0:02:23]} 43. g4
{[%clk 0:26:54]} Qg3 {[%clk 0:02:00]} 44. gxf5 {[%clk 0:26:34]} 1-0

[Event "European Individual Chess Championship 2017"]
[Site "?"]
[Date "2017.06.08"]
[Round "9.95"]
[White "Potkin, Vladimir"]
[Black "Pustovoitova, Daria"]
[Result "1-0"]
[BlackElo "2420"]
[WhiteElo "2588"]
[LiveChessVersion "1.4.8"]

1. d4 Nf6 2. c4 e6 3. Nf3 Bb4+ 4. Nbd2 O-O 5. a3 Be7 6. e4 d6 7. Be2 c5 8. d5 e5
9. O-O g6 10. Ne1 Ne8 11. Nd3 Ng7 12. b4 b6 13. Bb2 f5 14. f4 exf4 15. Nxf4 Bf6
16. Qc2 Na6 17. b5 Nc7 18. Bd3 Bxb2 19. Qxb2 fxe4 20. Nxe4 Bf5 21. Rae1 Bxe4 22.
Bxe4 Qf6 23. Qxf6 Rxf6 24. Bd3 Re8 25. g3 g5 26. Nh3 Rxf1+ 27. Rxf1 Re3 28. Rd1
Re5 29. Nf2 h5 30. Bg6 Nce8 31. Rf1 g4 32. Ne4 h4 33. gxh4 Nh5 34. Bxe8 Rxe8 35.
Nxd6 Re3 36. Rf5 Ng7 37. Rg5 1-0

[Event "European Individual Chess Championship 2017"]
[Site "?"]
[Date "2017.06.08"]
[Round "9.96"]
[White "Ruck, Robert"]
[Black "Grib, Roman"]
[Result "1/2-1/2"]
[BlackElo "2415"]
[WhiteElo "2557"]
[LiveChessVersion "1.4.8"]

1. c4 Nf6 2. Nf3 c5 3. Nc3 Nc6 4. g3 d5 5. d4 cxd4 6. Nxd4 e5 7. Nxc6 bxc6 8. Bg2
d4 9. Bxc6+ Bd7 10. Bxa8 Qxa8 11. Nd5 Nxd5 12. cxd5 Qxd5 13. f3 Bc5 14. Qb3 Qd6
15. Bd2 O-O 16. Rc1 Rb8 17. Qc4 Bb6 18. O-O h5 19. Kg2 Be6 20. Qc6 Qe7 21. a4 a5
22. Qb5 Bc7 23. Qc5 Qxc5 24. Rxc5 Rxb2 25. Rxc7 Rxd2 26. Rf2 Ra2 27. Rc5 e4 28.
fxe4 Rxa4 29. Rxh5 Ra1 30. Rf1 Ra2 31. Kf3 Bc4 32. Re1 a4 33. Rc5 Rc2 34. Ra5
Rc3+ 35. Kf4 a3 36. Ke5 d3 37. Kd4 d2 38. Rd1 Rc2 39. Ke3 a2 40. Rxd2 Rc1 41.
Raxa2 Bxa2 42. Rxa2 Rc5 43. Ra7 Rc3+ 44. Kf4 Rc2 45. Kf3 Rc5 46. Rd7 Kf8 47. h4
Ke8 48. Ra7 Kf8 49. g4 g6 50. Kf4 Rc2 51. Kf3 Rc1 52. e5 Rf1+ 53. Ke4 Rh1 54. e6
f5+ 55. gxf5 gxf5+ 56. Ke5 Rxh4 57. e3 Rh1 58. Rb7 Rh2 59. Rf7+ Ke8 60. Rg7 Rh1
61. Kf6 Rh6+ 62. Rg6 Rh8 63. Rg1 Rh6+ 64. Ke5 Rh2 65. Rg8+ Ke7 66. Rg7+ Ke8 67.
Kf6 Rh6+ 68. Rg6 Rh8 69. e7 Kd7 70. Rg7 Rh6+ 71. Kf7 Rh8 72. Kf6 Rh6+ 73. Kxf5
Ke8 74. e4 Ra6 75. Ke5 Ra5+ 76. Kf6 Ra6+ 77. Kf5 Rb6 78. Rg6 Rxg6 79. Kxg6 Kxe7
80. Kf5 Kf7 81. Ke5 Ke7 82. Kd5 Kd7 83. e5 Ke7 84. e6 Ke8 85. Kd6 Kd8 86. e7+ Ke8
87. Ke6 1/2-1/2

[Event "European Individual Chess Championship 2017"]
[Site "?"]
[Date "2017.06.08"]
[Round "9.97"]
[White "Tunik, Gennady"]
[Black "Baron, Tal"]
[Result "1/2-1/2"]
[BlackElo "2540"]
[WhiteElo "2384"]
[LiveChessVersion "1.4.8"]

1. d4 {[%clk 1:30:53]} Nf6 {[%clk 1:30:58]} 2. c4 {[%clk 1:31:12]} e6
{[%clk 1:31:26]} 3. Nf3 {[%clk 1:31:22]} d5 {[%clk 1:31:54]} 4. g3
{[%clk 1:31:27]} dxc4 {[%clk 1:32:14]} 5. Bg2 {[%clk 1:31:41]} Bd7
{[%clk 1:32:28]} 6. Ne5 {[%clk 1:26:44]} Bc6 {[%clk 1:32:55]} 7. Nxc6
{[%clk 1:26:51]} Nxc6 {[%clk 1:33:23]} 8. e3 {[%clk 1:20:50]} Qd7
{[%clk 1:33:49]} 9. O-O {[%clk 1:20:06]} O-O-O {[%clk 1:33:33]} 10. Qa4
{[%clk 1:17:50]} Nd5 {[%clk 1:33:14]} 11. Qxc4 {[%clk 1:17:42]} h5
{[%clk 1:33:04]} 12. Nc3 {[%clk 1:10:46]} h4 {[%clk 1:32:58]} 13. Bd2
{[%clk 1:10:52]} f5 {[%clk 1:32:47]} 14. Nxd5 {[%clk 1:09:54]} exd5
{[%clk 1:33:13]} 15. Qa4 {[%clk 1:10:13]} g5 {[%clk 1:23:49]} 16. Rfc1
{[%clk 1:07:34]} hxg3 {[%clk 1:08:51]} 17. hxg3 {[%clk 1:07:10]} Kb8
{[%clk 0:45:00]} 18. Rc2 {[%clk 1:04:16]} Bg7 {[%clk 0:29:32]} 19. Rc5
{[%clk 0:59:28]} Ne7 {[%clk 0:23:30]} 20. Qxd7 {[%clk 0:59:42]} Rxd7
{[%clk 0:23:56]} 21. Rcc1 {[%clk 0:49:49]} Ng8 {[%clk 0:23:10]} 22. f3
{[%clk 0:45:10]} Nf6 {[%clk 0:22:00]} 23. Kf2 {[%clk 0:45:30]} Re7
{[%clk 0:22:19]} 24. Rh1 {[%clk 0:43:58]} Rhe8 {[%clk 0:22:46]} 25. Rae1
{[%clk 0:42:49]} Re6 {[%clk 0:22:56]} 26. Bf1 {[%clk 0:42:27]} g4
{[%clk 0:23:24]} 27. Bd3 {[%clk 0:42:32]} gxf3 {[%clk 0:23:08]} 28. Kxf3
{[%clk 0:42:40]} Rf8 {[%clk 0:21:50]} 29. Bb4 {[%clk 0:42:09]} Rf7
{[%clk 0:20:52]} 30. Bxf5 {[%clk 0:41:48]} Ng8 {[%clk 0:19:45]} 31. g4
{[%clk 0:41:53]} Nh6 {[%clk 0:18:34]} 32. Rh5 {[%clk 0:40:19]} a5
{[%clk 0:15:45]} 33. Bxa5 {[%clk 0:39:22]} Ra6 {[%clk 0:14:49]} 34. Bc3
{[%clk 0:38:58]} Rxa2 {[%clk 0:15:01]} 35. Kg3 {[%clk 0:38:54]} c6
{[%clk 0:14:34]} 36. Reh1 {[%clk 0:38:19]} Nxf5+ {[%clk 0:13:58]} 37. Rxf5
{[%clk 0:38:38]} Re7 {[%clk 0:14:09]} 38. Kf3 {[%clk 0:38:48]} Kc7
{[%clk 0:13:12]} 39. Rh7 {[%clk 0:39:02]} Ra1 {[%clk 0:11:35]} 40. Kf2
{[%clk 1:04:32]} Rb1 {[%clk 0:37:28]} 41. Rg5 {[%clk 1:03:23]} Bf6
{[%clk 0:37:02]} 42. Rxe7+ {[%clk 1:03:44]} Bxe7 {[%clk 0:37:31]} 43. Rg7
{[%clk 1:00:52]} Kd7 {[%clk 0:37:37]} 44. g5 {[%clk 0:59:38]} Ke6
{[%clk 0:37:53]} 45. g6 {[%clk 0:59:34]} Rh1 {[%clk 0:29:49]} 46. Rh7
{[%clk 0:53:08]} Rh4 {[%clk 0:28:02]} 47. Kf3 {[%clk 0:44:19]} Re4
{[%clk 0:27:52]} 48. Be1 {[%clk 0:43:28]} Kf6 {[%clk 0:23:45]} 49. Bh4+
{[%clk 0:42:25]} Kxg6 {[%clk 0:24:13]} 50. Rxe7 {[%clk 0:42:48]} Rxh4
{[%clk 0:24:40]} 51. Rxb7 {[%clk 0:43:11]} Kf5 {[%clk 0:24:44]} 52. Re7
{[%clk 0:36:18]} Rh3+ {[%clk 0:23:47]} 53. Kg2 {[%clk 0:36:41]} Rh8
{[%clk 0:23:55]} 54. Kf3 {[%clk 0:34:59]} Rh3+ {[%clk 0:23:50]} 1/2-1/2

[Event "European Individual Chess Championship 2017"]
[Site "?"]
[Date "2017.06.08"]
[Round "9.98"]
[White "Bartel, Michal"]
[Black "Pavlidis, Antonios"]
[Result "1/2-1/2"]
[BlackElo "2539"]
[WhiteElo "2361"]
[LiveChessVersion "1.4.8"]

1. e4 c5 2. Nf3 e6 3. d4 cxd4 4. Nxd4 Nc6 5. Nc3 Qc7 6. Be3 a6 7. Be2 b5 8. Nxc6
Qxc6 9. O-O Bb7 10. Re1 Qc7 11. Qd4 Bd6 12. f4 e5 13. Qb6 exf4 14. Qxc7 Bxc7 15.
Bd4 Ne7 16. Bxg7 Rg8 17. Bf6 Rg6 18. Bxe7 Kxe7 19. Nd5+ Bxd5 20. exd5 Kd6 21. Bf3
Bb6+ 22. Kf1 Be3 23. Red1 Rc8 24. c3 b4 25. Rd3 a5 26. a3 bxc3 27. Rxc3 Rxc3 28.
bxc3 Kc5 29. Rb1 Kc4 30. Rb7 Kd3 31. a4 Kxc3 32. Ke2 Kd4 33. Kd1 Rg8 34. d6 Rg6
35. Rxd7 Kc5 36. Rc7+ Kxd6 37. Rc6+ Ke5 38. Rxg6 hxg6 39. Ke2 f5 40. g4 fxg4 41.
Bxg4 g5 1/2-1/2